| 000 -LEADER |
| fixed length control field |
00709 a2200229 4500 |
| 003 - CONTROL NUMBER IDENTIFIER |
| control field |
OSt |
| 005 - DATE AND TIME OF LATEST TRANSACTION |
| control field |
20260202172941.0 |
| 008 - FIXED-LENGTH DATA ELEMENTS--GENERAL INFORMATION |
| fixed length control field |
260202b ||||| |||| 00| 0 eng d |
| 020 ## - INTERNATIONAL STANDARD BOOK NUMBER |
| International Standard Book Number |
978-1-4822-4345-1 |
| 040 ## - CATALOGING SOURCE |
| Transcribing agency |
. |
| 082 ## - DEWEY DECIMAL CLASSIFICATION NUMBER |
| Classification number |
621.4022 |
| Item number |
O997 |
| 100 ## - MAIN ENTRY--PERSONAL NAME |
| 9 (RLIN) |
6542 |
| Personal name |
Ozisik, M. Necati |
| 245 ## - TITLE STATEMENT |
| Title |
Finite Difference Methods in Heat Transfer / |
| Statement of responsibility, etc. |
M. Necati Ozisik, Helcio R.B. Orlande, Marcelo Jose Colaco, Renato Machado Cotta |
| 250 ## - EDITION STATEMENT |
| Edition statement |
2nd ed. |
| 260 ## - PUBLICATION, DISTRIBUTION, ETC. |
| Name of publisher, distributor, etc. |
CRC Press, |
| Place of publication, distribution, etc. |
Boca Raton : |
| Date of publication, distribution, etc. |
2017. |
| 300 ## - PHYSICAL DESCRIPTION |
| Extent |
xx, 578 p. |
| 650 #0 - SUBJECT ADDED ENTRY--TOPICAL TERM |
| 9 (RLIN) |
5323 |
| Topical term or geographic name entry element |
Heat Transfer |
| 700 ## - ADDED ENTRY--PERSONAL NAME |
| 9 (RLIN) |
6543 |
| Personal name |
Orlande, Helcio R. B. |
|
| 9 (RLIN) |
6544 |
| Personal name |
Colaco, Marcelo Jose |
|
| 9 (RLIN) |
6545 |
| Personal name |
Cotta, Renato Machado |
| 942 ## - ADDED ENTRY ELEMENTS (KOHA) |
| Source of classification or shelving scheme |
|
| Koha item type |
Books |